[Event "ICS rated blitz match"]
[Site "204.178.125.65"]
[Date "2000.05.15"]
[Round "?"]
[White "Hossa"]
[Black "sanchess64"]
[Result "1-0"]
[WhiteElo "2406"]
[BlackElo "2132"]
[PlyCount "105"]
[EventDate "2000.??.??"]

1. e4 d5 2. exd5 Qxd5 3. Nc3 Qa5 4. d4 Nf6 5. Nf3 Bf5 6. Bd2 c6 7. Bc4 e6 8.
Qe2 Bb4 9. a3 Nbd7 10. O-O Bxc3 11. Bxc3 Qc7 12. Nh4 Bg6 13. Rfe1 O-O 14. Nxg6
hxg6 15. Qf3 c5 16. d5 exd5 17. Bxd5 Nxd5 18. Qxd5 Rfe8 19. Qg5 Qc6 20. Rad1
Nf6 21. Rxe8+ Rxe8 22. f3 b6 23. Qd2 Qe6 24. Qd3 Qc8 25. Qb5 Rd8 26. Rxd8+ Qxd8
27. Qe2 Nd5 28. Be5 Qd7 29. f4 Nf6 30. b4 cxb4 31. axb4 Nd5 32. b5 Ne7 33. Qd3
Qxd3 34. cxd3 f6 35. Bb8 Nc8 36. Kf2 Kf7 37. d4 Ke6 38. Ke2 Kd5 39. Kd3 g5 40.
fxg5 fxg5 41. h3 g6 42. g3 g4 43. h4 Ke6 44. Ke4 Kd7 45. Ke5 Ne7 46. d5 Nf5 47.
h5 Nxg3 48. h6 Nf5 49. h7 Nh6 50. Kf6 g3 51. h8=Q Ng4+ 52. Kf7 Ne5+ 53. Bxe5 {
sanchess64 resigns} 1-0

[Event "ICS rated blitz match"]
[Site "204.178.125.65"]
[Date "2000.05.15"]
[Round "?"]
[White "PostModernist"]
[Black "Hossa"]
[Result "1-0"]
[WhiteElo "2636"]
[BlackElo "2411"]
[PlyCount "129"]
[EventDate "2000.??.??"]

1. d4 Nf6 2. c4 e6 3. g3 c5 4. d5 exd5 5. cxd5 Qa5+ 6. Bd2 Qb6 7. Nc3 d6 8. Bg2
Nbd7 9. Qc2 Ne5 10. f4 Ng6 11. Nf3 Be7 12. f5 Ne5 13. Nxe5 dxe5 14. e4 O-O 15.
Bf3 c4 16. g4 Nd7 17. O-O-O Nc5 18. Be2 Qa6 19. Be3 b5 20. d6 Bxd6 21. Nxb5
Nd3+ 22. Bxd3 cxd3 23. Qxd3 Qc6+ 24. Nc3 Bb4 25. Qd5 Bb7 26. Qxc6 Bxc6 27. Nd5
a5 28. Kb1 Rfc8 29. b3 f6 30. h4 Bxd5 31. exd5 Rc3 32. Rhe1 Rd3 33. Rxd3 Bxe1
34. d6 e4 35. Rd1 Bb4 36. Bb6 e3 37. Bxe3 h5 38. gxh5 Rb8 39. d7 Be7 40. Rd5 a4
41. Bf4 Ra8 42. b4 Bd8 43. h6 gxh6 44. Bxh6 Ra7 45. Be3 Rb7 46. b5 a3 47. Kc2
Kf7 48. Kb3 Be7 49. h5 Rb8 50. Bf4 Rb7 51. h6 Bd8 52. Kxa3 Kf8 53. Kb4 Ra7 54.
b6 Rb7 55. Kc5 Kg8 56. Bc7 Be7+ 57. Kc6 Rxb6+ 58. Bxb6 Kh8 59. Rd6 Kh7 60. d8=Q
Bxd8 61. Bxd8 Kg8 62. Rd7 Kh8 63. Bxf6+ Kg8 64. h7+ Kf8 65. h8=Q# {
Hossa checkmated} 1-0

[Event "ICS rated standard match"]
[Site "204.178.125.65"]
[Date "2000.05.15"]
[Round "?"]
[White "Hossa"]
[Black "Bootemout"]
[Result "1-0"]
[WhiteElo "2289"]
[BlackElo "2017"]
[PlyCount "51"]
[EventDate "2000.??.??"]

1. e4 e5 2. Nf3 Nc6 3. Nc3 d6 4. d4 Bg4 5. d5 Nd4 6. Be3 Nxf3+ 7. gxf3 Bd7 8.
f4 Qh4 9. fxe5 dxe5 10. Nb5 Bd6 11. Bd3 Nf6 12. Qf3 a6 13. Nxd6+ cxd6 14. h3
O-O-O 15. O-O-O Rde8 16. Rdg1 Rhg8 17. Kb1 h6 18. Bb6 Qf4 19. Qe2 Re7 20. f3
Kb8 21. Qf2 Ne8 22. Bd8 Qf6 23. Qb6 Bc8 24. Be2 Nc7 25. Qxc7+ Rxc7 26. Bxf6 {
Bootemout resigns} 1-0

[Event "ICS rated blitz match"]
[Site "204.178.125.65"]
[Date "2000.05.15"]
[Round "?"]
[White "PostModernist"]
[Black "Hossa"]
[Result "1-0"]
[WhiteElo "2646"]
[BlackElo "2404"]
[PlyCount "96"]
[EventDate "2000.??.??"]

1. d4 d5 2. Nf3 Nf6 3. e3 e6 4. c4 Nbd7 5. Nc3 Be7 6. Bd3 dxc4 7. Bxc4 Nb6 8.
Bd3 c5 9. dxc5 Bxc5 10. O-O Bd7 11. Qc2 Rc8 12. e4 Bb4 13. Bd2 O-O 14. e5 Nfd5
15. Bxh7+ Kh8 16. Be4 Ba4 17. Qb1 Bxc3 18. Bxc3 Nxc3 19. bxc3 Rc7 20. Rc1 Rd7
21. c4 f5 22. exf6 Qxf6 23. Qb4 Bc6 24. Bxc6 bxc6 25. Re1 Kg8 26. Qc5 Qf4 27.
Qxc6 Rd6 28. Qc7 Nxc4 29. Qxa7 Nd2 30. Ne5 Rd5 31. Qe3 Qf5 32. f3 Qh5 33. Rac1
Qf5 34. Rc7 Re8 35. f4 Qh7 36. a4 Rd6 37. a5 Rd5 38. a6 Rd6 39. a7 Qf5 40. Rb7
Rdd8 41. Rb2 Nc4 42. Nxc4 Rf8 43. Ra1 g5 44. fxg5 Qg4 45. Qe2 Qd4+ 46. Kh1 e5
47. Nxe5 Rc8 48. Ng6 Rf7 {Hossa resigns} 1-0

[Event "ICS rated blitz match"]
[Site "204.178.125.65"]
[Date "2000.05.16"]
[Round "?"]
[White "Hossa"]
[Black "PostModernist"]
[Result "0-1"]
[WhiteElo "2398"]
[BlackElo "2652"]
[PlyCount "134"]
[EventDate "2000.??.??"]

1. e4 c6 2. d4 Na6 3. Nf3 d6 4. Nc3 Nc7 5. g3 e6 6. Bg2 Be7 7. O-O Nf6 8. e5
dxe5 9. dxe5 Nfd5 10. Ne4 O-O 11. c4 Nb6 12. Nd6 Nd7 13. Kh1 b6 14. b3 Ba6 15.
Bf4 f6 16. Ne4 f5 17. Nc3 Qe8 18. Qd2 Rd8 19. Qc2 b5 20. cxb5 cxb5 21. Ne2 Nd5
22. Nfd4 Nc5 23. Bxd5 Rxd5 24. b4 Bb7 25. Kg1 Na6 26. Nxe6 Nxb4 27. Qc3 Rd3 28.
Qc7 Rf7 29. N2d4 Bd5 30. Qc1 Bf8 31. a3 Bxe6 32. Nxe6 Qxe6 33. axb4 Bxb4 34.
Qb1 Rd4 35. Qb2 Rc4 36. Qe2 a5 37. Rad1 a4 38. Rd8+ Rf8 39. Rfd1 Rxd8 40. Rxd8+
Bf8 41. Qf3 Qf7 42. Qd1 a3 43. Bg5 a2 44. Ra8 Rb4 45. Rxf8+ Qxf8 46. Qd5+ Kh8
47. Qxa2 Ra4 48. Qc2 h6 49. Be3 Qa8 50. h4 Ra1+ 51. Bc1 Qe4 52. Qc8+ Kh7 53.
Kh2 Qxe5 54. Qc2 Ra4 55. Bf4 Qd5 56. Qc1 b4 57. Qc8 b3 58. Qc1 Ra2 59. Qg1 b2
60. Be3 Ra1 61. Qg2 Qxg2+ 62. Kxg2 b1=Q 63. Bc1 Qe4+ 64. f3 Qe2+ 65. Kh3 Qf1+
66. Kh2 Ra2+ 67. Bb2 Rxb2# {Hossa checkmated} 0-1

[Event "ICS rated blitz match"]
[Site "204.178.125.65"]
[Date "2000.05.16"]
[Round "?"]
[White "flytox"]
[Black "Hossa"]
[Result "0-1"]
[WhiteElo "2248"]
[BlackElo "2392"]
[PlyCount "44"]
[EventDate "2000.??.??"]

1. e4 c6 2. d4 Na6 3. Nf3 d6 4. c3 Nc7 5. Bd3 Nf6 6. O-O Bg4 7. h3 Bxf3 8. Qxf3
e5 9. Bg5 Ne6 10. Bxf6 gxf6 11. d5 Nf4 12. Bc2 Rg8 13. g4 h5 14. Kh2 hxg4 15.
hxg4 f5 16. Rh1 Rxg4 17. Qxg4 fxg4 18. Kg3 cxd5 19. exd5 Nxd5 20. Nd2 Qd7 21.
Ne4 Qb5 22. Bb3 Qd3+ {flytox resigns} 0-1

[Event "ICS rated blitz match"]
[Site "204.178.125.65"]
[Date "2000.05.16"]
[Round "?"]
[White "Hossa"]
[Black "flytox"]
[Result "1-0"]
[WhiteElo "2402"]
[BlackElo "2238"]
[PlyCount "39"]
[EventDate "2000.??.??"]

1. e4 e6 2. d4 d5 3. Nc3 Nf6 4. Bg5 dxe4 5. Nxe4 Be7 6. Bxf6 gxf6 7. Nf3 f5 8.
Nc3 Bf6 9. Qd2 c5 10. d5 O-O 11. O-O-O e5 12. h4 Nd7 13. Bb5 a6 14. Bxd7 Qxd7
15. Rh3 Qd6 16. Qh6 Rd8 17. Rg3+ Kh8 18. Ng5 Bxg5+ 19. Qxg5 Qf8 20. Qf6+ {
flytox resigns} 1-0

[Event "ICS rated blitz match"]
[Site "204.178.125.65"]
[Date "2000.05.16"]
[Round "?"]
[White "flytox"]
[Black "Hossa"]
[Result "0-1"]
[WhiteElo "2229"]
[BlackElo "2411"]
[PlyCount "152"]
[EventDate "2000.??.??"]

1. e4 e5 2. Nf3 Nc6 3. Bb5 a6 4. Ba4 Nf6 5. O-O Be7 6. Re1 b5 7. Bb3 d6 8. c3
O-O 9. h3 Bb7 10. d4 Re8 11. Nbd2 Bf8 12. Bc2 g6 13. Nf1 exd4 14. cxd4 Nb4 15.
Ng3 d5 16. e5 Nxc2 17. Qxc2 Ne4 18. Nf1 c5 19. dxc5 Bxc5 20. Be3 Rc8 21. Bxc5
Nxc5 22. Rad1 Ne6 23. Qd2 Qe7 24. Nd4 Nxd4 25. Qxd4 Ba8 26. Rd2 Qc7 27. f4 Qa5
28. a3 Rc2 29. Rxc2 Qxe1 30. Rc7 Rf8 31. Rc5 Qh4 32. Qd2 Qe7 33. Qd4 Rd8 34.
Ne3 Qh4 35. Nxd5 Bxd5 36. Rxd5 Rxd5 37. Qxd5 Qxf4 38. Qd6 h5 39. Qd8+ Kg7 40.
Qd6 Qc1+ 41. Kh2 Qxb2 42. Qf6+ Kg8 43. Qd8+ Kh7 44. Qf6 Qb3 45. Qd6 h4 46. Qe7
Qg3+ 47. Kh1 Qf2 48. Kh2 Kg7 49. e6 Qg3+ 50. Kh1 Qe1+ 51. Kh2 Qe5+ 52. Kh1 Qxe6
53. Qxh4 Qe5 54. Qb4 f6 55. Qa5 Qd6 56. Kg1 Kf7 57. Kh1 g5 58. Kg1 Kg6 59. Kh1
Kf5 60. Kg1 Ke6 61. Kh1 f5 62. Kg1 Qd4+ 63. Kh1 Qa7 64. Kh2 Qb8+ 65. Kh1 Qc8
66. Kh2 Qc6 67. Kh1 Kf7 68. Kh2 Qd6+ 69. Kh1 Kg7 70. Kg1 Kh6 71. Kh1 f4 72. Kh2
f3+ 73. Kg1 Qd4+ 74. Kf1 Qd1+ 75. Kf2 Qe2+ 76. Kg3 Qxg2# {flytox checkmated}
0-1

[Event "ICS rated blitz match"]
[Site "204.178.125.65"]
[Date "2000.05.16"]
[Round "?"]
[White "Hossa"]
[Black "flytox"]
[Result "1-0"]
[WhiteElo "2419"]
[BlackElo "2221"]
[PlyCount "99"]
[EventDate "2000.??.??"]

1. e4 e6 2. d4 d5 3. Nc3 Nf6 4. Bg5 dxe4 5. Nxe4 Be7 6. Bxf6 gxf6 7. Nf3 f5 8.
Nc3 Bf6 9. Qd2 c5 10. d5 O-O 11. O-O-O Qa5 12. Kb1 Na6 13. Ne4 Qd8 14. Nxf6+
Qxf6 15. Bxa6 bxa6 16. dxe6 Bxe6 17. Qd6 Rab8 18. Qg3+ Kh8 19. Ne5 Rb5 20. f4
Rfb8 21. b3 c4 22. Ka1 cxb3 23. cxb3 Bxb3 24. axb3 Rxb3 25. Rd8+ Rxd8 26. Qxb3
Rd4 27. Nxf7+ Kg7 28. Ne5 Rxf4 29. Re1 Re4 30. Qb7+ Kh6 31. Rxe4 fxe4 32. Qxe4
Qf1+ 33. Kb2 Qb5+ 34. Kc2 Qc5+ 35. Nc4 a5 36. Qe6+ Kg7 37. Qe5+ Qxe5 38. Nxe5
Kf6 39. Nc6 a6 40. Nxa5 Ke5 41. Kc3 Kf4 42. Kd4 h5 43. Nc6 h4 44. Ne5 a5 45.
Ng6+ Kg4 46. Nxh4 Kxh4 47. Kc4 Kg4 48. h3+ Kg3 49. Kb5 Kxg2 50. h4 {
flytox resigns} 1-0

[Event "ICS rated blitz match"]
[Site "204.178.125.65"]
[Date "2000.05.16"]
[Round "?"]
[White "Hossa"]
[Black "vadux"]
[Result "1-0"]
[WhiteElo "2427"]
[BlackElo "2261"]
[PlyCount "77"]
[EventDate "2000.??.??"]

1. e4 e6 2. d4 d5 3. Nc3 Nf6 4. Bg5 Bb4 5. e5 h6 6. Bd2 Bxc3 7. bxc3 Ne4 8. Nf3
c5 9. Bd3 Nxd2 10. Qxd2 Nc6 11. Bb5 Bd7 12. Bxc6 Bxc6 13. O-O c4 14. Qc1 Qa5
15. Qb2 O-O-O 16. Rab1 Kc7 17. Rfd1 Rb8 18. Re1 b5 19. g3 Rb6 20. a3 Qa6 21.
Nd2 Qc8 22. Re2 Qd7 23. f4 g6 24. Nf3 a5 25. Rf2 Qe7 26. Nd2 Rhb8 27. Rff1 b4
28. axb4 axb4 29. Ra1 R8b7 30. Ra8 bxc3 31. Qxc3 Qb4 32. Qe3 Rb8 33. Ra7+ R6b7
34. Rfa1 Qb6 35. R7a6 Qb4 36. c3 Qe7 37. Qe1 h5 38. Nf3 Kd8 39. Rxc6 {
vadux resigns} 1-0

[Event "ICS Rated blitz match"]
[Site "204.178.125.65"]
[Date "2000.05.16"]
[Round "?"]
[White "vadux"]
[Black "Hossa"]
[Result "0-1"]
[WhiteElo "2252"]
[BlackElo "2436"]
[PlyCount "102"]
[EventDate "2000.??.??"]

1. e4 e5 2. Nf3 Nc6 3. Bb5 a6 4. Ba4 Nf6 5. O-O Be7 6. Bxc6 dxc6 7. Qe1 Nd7 8.
b3 c5 9. Bb2 Bd6 10. d3 O-O 11. Nbd2 b5 12. Kh1 a5 13. a4 c6 14. Ng1 Bb7 15.
Qe2 Qc7 16. Ra2 Rfd8 17. Rfa1 b4 18. Rf1 Ba6 19. Ngf3 Nb6 20. Raa1 Qe7 21. Rad1
Ra7 22. Ne1 Bb8 23. g3 Bc8 24. Ng2 Bh3 25. Rfe1 Qe6 26. Ne3 Rb7 27. Ndc4 Nxc4
28. Nxc4 Ra7 29. Bc1 Qd7 30. Be3 Qe7 31. f3 Ra6 32. Qf2 h5 33. Bxc5 Qd7 34. Be3
Bc7 35. Kg1 Re8 36. d4 exd4 37. Rxd4 Qe7 38. Red1 Raa8 39. Nd6 Red8 40. Qd2 h4
41. g4 Bb6 42. Nf5 Qf6 43. Rxd8+ Rxd8 44. Qe2 c5 45. Kf2 Qe5 46. Rxd8+ Bxd8 47.
f4 Qxe4 48. Ke1 Bf6 49. Kd1 Qh1+ 50. Kd2 Bc3+ 51. Kd3 Bf1 {vadux resigns} 0-1

[Event "ICS rated blitz match"]
[Site "204.178.125.65"]
[Date "2000.05.16"]
[Round "?"]
[White "RedBear"]
[Black "Hossa"]
[Result "1/2-1/2"]
[WhiteElo "2529"]
[BlackElo "2444"]
[PlyCount "76"]
[EventDate "2000.??.??"]

1. e4 c6 2. d4 Na6 3. Nf3 d6 4. c3 Nc7 5. h3 Nf6 6. Bd3 g6 7. e5 dxe5 8. Nxe5
Bg7 9. Qb3 O-O 10. O-O Nd7 11. Nxd7 Qxd7 12. Na3 e5 13. Be3 exd4 14. cxd4 Ne6
15. Nc2 Re8 16. Rfe1 Qd6 17. Rab1 a5 18. Kh1 b5 19. a4 b4 20. Bd2 Rd8 21. Bc4
Bxd4 22. Nxd4 Nxd4 23. Bxf7+ Kg7 24. Qa2 Qf6 25. Bg8 Rxg8 26. Qc4 Ba6 27. Re7+
Kh8 28. Bg5 Qxf2 29. Qc5 Rg7 30. Qe5 Nf5 31. Bh6 Rag8 32. Bxg7+ Nxg7 33. Rxg7
Rxg7 34. Qe8+ Rg8 35. Qe5+ Rg7 36. Qe8+ Rg8 37. Qe5+ Rg7 38. Qe8+ Rg8 1/2-1/2

[Event "ICS rated blitz match"]
[Site "204.178.125.65"]
[Date "2000.05.16"]
[Round "?"]
[White "Hossa"]
[Black "Vanhelgi"]
[Result "1-0"]
[WhiteElo "2448"]
[BlackElo "2166"]
[PlyCount "97"]
[EventDate "2000.??.??"]

1. e4 e6 2. d4 d5 3. Nc3 Nf6 4. Bg5 Bb4 5. e5 h6 6. Bd2 Bxc3 7. bxc3 Ne4 8. Nf3
c5 9. Bd3 Nxd2 10. Qxd2 Nc6 11. Bb5 cxd4 12. cxd4 Bd7 13. Rb1 O-O 14. O-O Qc7
15. Qc3 Rac8 16. Qa3 a6 17. Bd3 Na5 18. Qc1 Nc4 19. Rb4 Bb5 20. a4 Bd7 21. Bxc4
dxc4 22. Qb1 b5 23. axb5 axb5 24. c3 Bc6 25. Nd2 Qb7 26. f3 Qa7 27. Ne4 Ra8 28.
Nd6 Qa3 29. Qc2 Ra4 30. Nxb5 Bxb5 31. Rxb5 Rfa8 32. Rfb1 Qf8 33. Qe2 Qc8 34.
Rc5 Qd7 35. Rxc4 Ra2 36. Qe4 Qd5 37. Rcb4 Qxe4 38. fxe4 Rc2 39. Rb8+ Rxb8 40.
Rxb8+ Kh7 41. Rc8 Re2 42. d5 Rxe4 43. d6 Re1+ 44. Kf2 Rd1 45. c4 Kg6 46. Ke2
Rd4 47. Ke3 Rd1 48. Ke4 f6 49. Re8 {Vanhelgi resigns} 1-0

[Event "ICS rated blitz match"]
[Site "204.178.125.65"]
[Date "2000.05.16"]
[Round "?"]
[White "Vanhelgi"]
[Black "Hossa"]
[Result "0-1"]
[WhiteElo "2161"]
[BlackElo "2453"]
[PlyCount "54"]
[EventDate "2000.??.??"]

1. e4 e5 2. Nf3 Nc6 3. Bb5 a6 4. Bxc6 dxc6 5. O-O Bg4 6. h3 h5 7. d3 Qf6 8. Be3
Bxf3 9. Qxf3 Qxf3 10. gxf3 Nf6 11. f4 exf4 12. Bxf4 O-O-O 13. Nd2 Be7 14. Kh2
Bd6 15. Bxd6 cxd6 16. f4 b6 17. Rg1 Rhg8 18. Rg5 g6 19. Rag1 Ng4+ 20. hxg4 f6
21. gxh5 fxg5 22. Rxg5 gxh5 23. Rxh5 Rg4 24. Nf3 Rxf4 25. Kg3 Rf7 26. Nh4 Rg8+
27. Kh3 Rf1 {Vanhelgi resigns} 0-1

[Event "ICS rated standard match"]
[Site "204.178.125.65"]
[Date "2000.05.16"]
[Round "?"]
[White "ajp"]
[Black "Hossa"]
[Result "0-1"]
[WhiteElo "2239"]
[BlackElo "2295"]
[PlyCount "92"]
[EventDate "2000.??.??"]

1. e4 e5 2. Nf3 Nc6 3. Bb5 a6 4. Ba4 Nf6 5. O-O Be7 6. Re1 b5 7. Bb3 d6 8. c3
O-O 9. h3 Bb7 10. d4 Re8 11. Nbd2 Bf8 12. a4 h6 13. Bc2 exd4 14. cxd4 Nb4 15.
Bb1 c5 16. d5 Nd7 17. Ra3 f5 18. Nh2 fxe4 19. Nxe4 Nxd5 20. Rd3 N7b6 21. a5 Nb4
22. Nxd6 Nxd3 23. Rxe8 Qxd6 24. Rxa8 Nxa8 25. Qxd3 Qxd3 26. Bxd3 c4 27. Be2 Bb4
28. Bf3 Bxf3 29. Nxf3 Bxa5 30. Nd4 c3 31. Kf1 cxb2 32. Bxb2 Nc7 33. Nc6 Bb6 34.
Bd4 Bxd4 35. Nxd4 Ne8 36. Ke2 Nd6 37. Nc6 Kf7 38. Kd3 Ke6 39. Kd4 Nb7 40. Kc3
Kd6 41. Nd4 g6 42. f4 Kd5 43. f5 g5 44. Nf3 a5 45. Ne1 Nc5 46. Nc2 Nd7 {
ajp resigns} 0-1

[Event "ICS rated standard match"]
[Site "204.178.125.65"]
[Date "2000.05.16"]
[Round "?"]
[White "Hossa"]
[Black "ajp"]
[Result "0-1"]
[WhiteElo "2308"]
[BlackElo "2226"]
[PlyCount "118"]
[EventDate "2000.??.??"]

1. e4 c5 2. Nf3 Nc6 3. d4 cxd4 4. Nxd4 Nf6 5. Nc3 d6 6. Bg5 e6 7. Qd2 a6 8.
O-O-O h6 9. Be3 Be7 10. f4 Nxd4 11. Bxd4 b5 12. Qe3 Bb7 13. Bxf6 gxf6 14. Bd3
Qa5 15. Kb1 b4 16. Ne2 Qc5 17. Nd4 h5 18. Qd2 d5 19. Rhe1 dxe4 20. Bxe4 Bxe4
21. Rxe4 Rd8 22. Qe1 f5 23. Nb3 Rxd1+ 24. Qxd1 Qf2 25. Rc4 O-O 26. Rc7 Bf6 27.
Rd7 Qxf4 28. g3 Qe5 29. Nd4 Rb8 30. Qc1 Rc8 31. Nb3 a5 32. Nd4 a4 33. Nf3 Qe4
34. Qd1 b3 35. axb3 axb3 36. Ne1 Ra8 37. h4 Ra2 38. Rd8+ Bxd8 39. Qxd8+ Kh7 40.
Qd1 Kg7 41. Nd3 Qa4 42. cxb3 Ra1+ 43. Kc2 Qc6+ 44. Kd2 Rxd1+ 45. Kxd1 Qf3+ 46.
Kd2 Qxg3 47. b4 Qxh4 48. Kc3 Qg3 49. b5 h4 50. Kd2 h3 51. Ke2 Qg2+ 52. Nf2 f4
53. b6 h2 54. Ke1 Qg3 55. Kd2 Qxf2+ 56. Kd3 h1=Q 57. Kc3 Qc6+ 58. Kb3 Qb5+ 59.
Ka3 Qfxb2# {Hossa checkmated} 0-1

[Event "ICS rated blitz match"]
[Site "204.178.125.65"]
[Date "2000.05.16"]
[Round "?"]
[White "sanchess64"]
[Black "Hossa"]
[Result "0-1"]
[WhiteElo "2169"]
[BlackElo "2463"]
[PlyCount "100"]
[EventDate "2000.??.??"]

1. e4 c6 2. d4 Na6 3. Nc3 Nc7 4. Nf3 d5 5. Bd3 Bg4 6. h3 dxe4 7. Bxe4 Bd7 8.
O-O Nf6 9. Bd3 g6 10. Re1 Bg7 11. Bf4 Ne6 12. Be5 O-O 13. Ne4 Nxe4 14. Bxe4
Bxe5 15. Nxe5 Ng5 16. Bd3 Bxh3 17. gxh3 Nxh3+ 18. Kf1 Qxd4 19. Qe2 Rad8 20. Qe3
Qxe3 21. fxe3 Ng5 22. Ke2 Kg7 23. Rh1 h5 24. Rag1 Kf6 25. Nf3 Ne6 26. Nh4 Nc5
27. Nxg6 fxg6 28. Rxg6+ Kf7 29. Rf1+ Ke8 30. Rxf8+ Kxf8 31. Rh6 Rd5 32. Rh8+
Kg7 33. Rh7+ Kf6 34. Rh6+ Kg5 35. Rh7 Nxd3 36. cxd3 Rd7 37. d4 h4 38. Kf3 b6
39. Rg7+ Kh6 40. Rg4 Kh5 41. Rg7 a6 42. Kf4 e5+ 43. Kxe5 Rxg7 44. e4 h3 45. Kf6
Rg6+ 46. Kf7 h2 47. e5 h1=Q 48. e6 Qf3+ 49. Ke7 Rg7+ 50. Kd6 Qd5# 0-1

[Event "ICS rated blitz match"]
[Site "204.178.125.65"]
[Date "2000.05.16"]
[Round "?"]
[White "Hossa"]
[Black "Nothing"]
[Result "1-0"]
[WhiteElo "2468"]
[BlackElo "1987"]
[PlyCount "75"]
[EventDate "2000.??.??"]

1. e4 e5 2. Bc4 Nf6 3. d4 exd4 4. Nf3 Bc5 5. O-O d6 6. Nxd4 O-O 7. Nc3 Nbd7 8.
Bg5 h6 9. Bh4 Ne5 10. Be2 Ng6 11. Bxf6 Qxf6 12. Nb3 Bb6 13. Na4 Nf4 14. Bf3 Qg6
15. Nxb6 axb6 16. Qd2 Nh3+ 17. Kh1 Ng5 18. Qc3 c5 19. Nd2 Ra4 20. Rfe1 Nxf3 21.
Qxf3 Re8 22. c4 Bd7 23. Qf4 Bc6 24. a3 Raa8 25. b3 Re5 26. f3 Rae8 27. Rad1 Rg5
28. g3 Rge5 29. Re2 d5 30. cxd5 Bxd5 31. Rg2 Be6 32. Qxe5 Bd7 33. Qc7 Bb5 34.
Qxb7 h5 35. a4 Bd3 36. Qd7 Bc2 37. Qxe8+ Kh7 38. Rc1 {Nothing resigns} 1-0

[Event "ICS rated blitz match"]
[Site "204.178.125.65"]
[Date "2000.05.16"]
[Round "?"]
[White "Nothing"]
[Black "Hossa"]
[Result "1/2-1/2"]
[WhiteElo "1985"]
[BlackElo "2470"]
[PlyCount "131"]
[EventDate "2000.??.??"]

1. d4 d5 2. Nd2 Nf6 3. e3 e6 4. f4 c5 5. c3 Nc6 6. Bd3 Bd7 7. Nh3 Be7 8. O-O
cxd4 9. exd4 Bd6 10. Nf3 O-O 11. Ne5 Ne4 12. Qh5 f6 13. Nxd7 Qxd7 14. Nf2 f5
15. g4 g6 16. Qh3 fxg4 17. Nxg4 h5 18. Ne5 Bxe5 19. fxe5 Rxf1+ 20. Bxf1 Rf8 21.
Be3 Rf5 22. Bd3 Qe7 23. Qg2 g5 24. Bxe4 dxe4 25. Qxe4 Qf8 26. Qg2 g4 27. Rf1
Rxf1+ 28. Qxf1 Qxf1+ 29. Kxf1 Ne7 30. c4 h4 31. Kg2 Nf5 32. Bf2 h3+ 33. Kg1 Ne7
34. Kf1 Nc6 35. Ke2 g3 36. Bxg3 Nxd4+ 37. Kd3 Nc6 38. a3 Kf8 39. b4 Kg8 40. Ke4
a6 41. Be1 Kh7 42. a4 Kh8 43. b5 Nb8 44. Bf2 Nd7 45. Ba7 axb5 46. cxb5 b6 47.
Bxb6 Nxb6 48. a5 Nd5 49. b6 Nb4 50. b7 Na6 51. Kd4 Kg7 52. Kc4 Kg6 53. Kb5 Nc7+
54. Kb6 Nd5+ 55. Kc6 Nb4+ 56. Kb5 Nd5 57. a6 Nc7+ 58. Kb6 Nxa6 59. Kxa6 Kg5 60.
b8=Q Kf4 61. Qh8 Kg4 62. Kb5 Kf3 63. Qxh3+ Ke4 64. Kc5 Kf4 65. Qg3+ Kf5 66. Kd4
{Hossa stalemated} 1/2-1/2

[Event "ICS rated blitz match"]
[Site "204.178.125.65"]
[Date "2000.05.16"]
[Round "?"]
[White "Nothing"]
[Black "Hossa"]
[Result "0-1"]
[WhiteElo "1978"]
[BlackElo "2458"]
[PlyCount "84"]
[EventDate "2000.??.??"]

1. d4 d5 2. Nd2 Nf6 3. e3 e6 4. Bd3 c5 5. c3 Nc6 6. f4 Be7 7. Nh3 Bd7 8. O-O
cxd4 9. exd4 Bd6 10. Nf3 O-O 11. Ne5 Ne4 12. Be3 f6 13. Nxd7 Qxd7 14. Nf2 f5
15. Nxe4 fxe4 16. Be2 Qf7 17. g3 Bc7 18. Bg4 Bb6 19. Qe2 Qf6 20. Rae1 Rac8 21.
Bh3 Rc7 22. Qg4 Re8 23. Kh1 Rf7 24. Qd1 Qd8 25. b4 Qc8 26. Qb3 Ref8 27. Kg2 Ne7
28. a4 Nf5 29. a5 Bd8 30. Bxf5 Rxf5 31. Rc1 b5 32. axb6 Bxb6 33. c4 dxc4 34.
Rxc4 Qd7 35. Rfc1 g5 36. Rc6 gxf4 37. Rxe6 fxe3 38. Rxb6+ Kh8 39. Re6 Rf2+ 40.
Kh3 R8f6 41. d5 Rh6+ 42. Kg4 Qg7+ {Nothing resigns} 0-1

[Event "ICS rated blitz match"]
[Site "204.178.125.65"]
[Date "2000.05.16"]
[Round "?"]
[White "PostModernist"]
[Black "Hossa"]
[Result "1-0"]
[WhiteElo "2656"]
[BlackElo "2460"]
[PlyCount "73"]
[EventDate "2000.??.??"]

1. d4 d5 2. Nf3 Nf6 3. e3 e6 4. c4 Nbd7 5. Nc3 Be7 6. Bd3 dxc4 7. Bxc4 Nb6 8.
Bd3 c5 9. dxc5 Bxc5 10. O-O Bd7 11. Qc2 Rc8 12. e4 Bb4 13. Bd2 O-O 14. e5 Nfd5
15. Bxh7+ Kh8 16. Be4 Ba4 17. Qb1 Bxc3 18. Bxc3 Nxc3 19. bxc3 Rc7 20. Rc1 Rd7
21. c4 f5 22. exf6 Qxf6 23. Qb4 Bc6 24. Bxc6 bxc6 25. Re1 Kg8 26. Qc5 Qf4 27.
Qxc6 Rd6 28. Qc7 Nxc4 29. Qxa7 Nd2 30. Ne5 Rd5 31. Qe3 Qf5 32. f3 Rc8 33. a4
Rcc5 34. Ng4 e5 35. Rad1 Qc2 36. Qf2 Rd3 37. Kh1 {Hossa resigns} 1-0

[Event "ICS rated blitz match"]
[Site "204.178.125.65"]
[Date "2000.05.16"]
[Round "?"]
[White "Hossa"]
[Black "PostModernist"]
[Result "0-1"]
[WhiteElo "2452"]
[BlackElo "2673"]
[PlyCount "128"]
[EventDate "2000.??.??"]

1. d4 Nf6 2. c4 e6 3. Nc3 Bb4 4. Nf3 c5 5. e3 Nc6 6. Bd2 cxd4 7. exd4 O-O 8. a3
Bxc3 9. bxc3 d6 10. Be2 b6 11. Bg5 Ba6 12. Nd2 h6 13. Bxf6 Qxf6 14. O-O Na5 15.
Bd3 d5 16. Qe2 dxc4 17. Bc2 Bb7 18. f4 b5 19. f5 Rfe8 20. fxe6 Qxe6 21. Qxe6
Rxe6 22. Rab1 a6 23. Rbe1 Rae8 24. Rxe6 Rxe6 25. Kf2 Bd5 26. Bf5 Rf6 27. Kg1
Nb3 28. Nb1 g6 29. Bc2 Re6 30. Bd1 f5 31. g4 f4 32. Bc2 f3 33. h4 Re2 34. Rf2
Kg7 35. h5 gxh5 36. gxh5 Bf7 37. Bg6 Bxg6 38. hxg6 Nc1 39. Rxe2 fxe2 40. Kf2 h5
41. Nd2 Kxg6 42. d5 Kf6 43. d6 Ke6 44. Ne4 h4 45. Ke1 Kd7 46. Ng5 Kxd6 47. Nf3
h3 48. Kf2 Kd5 49. Nh2 Ke5 50. Ng4+ Ke4 51. Nh2 Kf4 52. Nf3 e1=Q+ 53. Nxe1 Nd3+
54. Ke2 Nxe1 55. Kxe1 h2 56. Kd2 h1=Q 57. Kc2 Qa1 58. a4 bxa4 59. Kd2 Qb2+ 60.
Kd1 Kg3 61. Ke1 Qf2+ 62. Kd1 a3 63. Kc1 a2 64. Kd1 a1=Q# {Hossa checkmated} 0-1

[Event "ICS rated blitz match"]
[Site "204.178.125.65"]
[Date "2000.05.16"]
[Round "?"]
[White "Hossa"]
[Black "peteleco"]
[Result "1-0"]
[WhiteElo "2445"]
[BlackElo "1982"]
[PlyCount "51"]
[EventDate "2000.??.??"]

1. e4 e6 2. d4 d5 3. Nc3 Nf6 4. e5 Nfd7 5. f4 c5 6. Nf3 Nc6 7. Be3 Qb6 8. Na4
Qa5+ 9. c3 cxd4 10. b4 Nxb4 11. cxb4 Bxb4+ 12. Bd2 Bxd2+ 13. Nxd2 O-O 14. Bd3
b5 15. Nb2 Nc5 16. O-O Qc3 17. Rc1 Qxb2 18. Rxc5 Qa3 19. Qc2 Bd7 20. Bxh7+ Kh8
21. Bd3 Rfc8 22. Nb3 Rxc5 23. Qxc5 Qxa2 24. Rb1 Rc8 25. Qe7 Be8 26. Qf8# {
peteleco checkmated} 1-0

[Event "ICS rated blitz match"]
[Site "204.178.125.65"]
[Date "2000.05.16"]
[Round "?"]
[White "Hossa"]
[Black "PostModernist"]
[Result "0-1"]
[WhiteElo "2453"]
[BlackElo "2680"]
[PlyCount "144"]
[EventDate "2000.??.??"]

1. d4 Nf6 2. c4 e6 3. Nf3 Bb4+ 4. Bd2 a5 5. Bxb4 axb4 6. Nbd2 O-O 7. c5 b6 8.
cxb6 cxb6 9. e4 d5 10. e5 Nh5 11. g3 Ba6 12. Bxa6 Nxa6 13. O-O Qe7 14. Qe2 Rfc8
15. Rfc1 Rxc1+ 16. Rxc1 Nc7 17. Qe3 f5 18. Qb3 g5 19. Ne1 g4 20. Nc2 Na6 21.
Ne3 Rf8 22. Qa4 Nb8 23. Qd1 Qe8 24. Nb3 Qf7 25. Qe1 Qe7 26. Qd2 Ng7 27. Rc2 Nd7
28. Qc1 Ra8 29. Rc8+ Rxc8 30. Qxc8+ Kf7 31. Nc2 Nh5 32. Qb7 Kg6 33. Qc6 f4 34.
Qb5 f3 35. Qd3+ Kg7 36. Ne3 Kh8 37. Nxg4 Qf8 38. Nd2 Ng7 39. Nh6 Ne8 40. Qe3
Qg7 41. Nxf3 Qg6 42. Ng5 Kg7 43. Ngf7 Qb1+ 44. Kg2 Qe4+ 45. Kh3 Qxe3 46. fxe3
Nc7 47. Kh4 Nb8 48. Kh5 Nc6 49. Nd6 b3 50. axb3 Nb4 51. Nc8 b5 52. Nd6 Nd3 53.
Ng4 Nxb2 54. Nf6 b4 55. Nde8+ Nxe8 56. Nxe8+ Kf8 57. Nf6 Nc4 58. e4 dxe4 59.
bxc4 e3 60. Nxh7+ Ke7 61. Kg6 b3 62. Kg7 e2 63. Nf8 e1=Q 64. Ng6+ Ke8 65. Nf4
Qf2 66. d5 b2 67. Nxe6 Qf7+ 68. Kh6 b1=Q 69. Ng7+ Kf8 70. Ne6+ Kg8 71. Kg5
Qbf5+ 72. Kh6 Q5h5# {Hossa checkmated} 0-1